1613 1483 1455 1975 1453 1535 1752 1215 1343 1434 1866 1213 1677 1987 1254 1120 1201 1049 1780 1968 1798 1224 1033 1160 1118 1024 1564 1703 1311 1399 1075 1432 1123 1934 1506 1135 1404 1853 1798 1815 1607 1902 1075 1411 1294 1953 1330 1646 1867 1356 1480 1676 1851 1322 1541 1565 1975 1319 1070 1438 1541 1735 1776 1325 1960 1014 1173 1324 1219 1671 1782 1909 1702 1807 1958 1136 1635 1369 1251 1053 1376 1651 1759 1572 1620 1739 1479 1158 1875 1952 1210 1330 1959 1257 1394 1420 1379 1318 1045 BCNSPRNW ULIB Ver.6.0+V

เปลี่ยนเป็นภาษาไทย

Change to English
 แสดงรายละเอียดบรรณานุกรม
  กลับหน้าหลัก

Brief Record : Get Marc (ISO 2709) : E-mail record : QR code < ปิดหน้าต่าง
LEADER : 00000nam 2200000uu 4500
001    13399111474
003     ULIB
008    110628s2549||||th 000 0 tha d
020    9747145995
060 04 QV38^bส825ช 2549
100 0  สุพงษ์ เอกศิริพงษ์
245 10 ชีวเภสัชศาสตร์ =^bBiopharmaceutics /^cสุพงษ์ เอกศิริพงษ์
246 31 Biopharmaceutics
250    พิมพ์ครั้งที่ 2
260    กรุงเทพฯ :^bคณะเภสัชศาสตร์มหาวิทยาลัยหัวเฉียวเฉลิมพระเกียรติ,^c2549
300    vi, 220 หน้า :^bภาพประกอบ ;^c21 ซม.
653    ชีวเภสัชศาสตร์
710 2  มหาวิทยาลัยหัวเฉียวเฉลิมพระเกียรติ. ^bคณะเภสัชศาสตร์
945    ^p230^l0^i14244
995    กัณชพร
999    ^aใช้งานได้ทุกระบบ
รายการนี้ยังไม่มีแท็ก
คุณยังไม่ได้ล็อกอิน คุณสามารถมีกิจกรรมร่วมกับเว็บไซต์ได้ แต่ต้องล็อกอินก่อน ::
  ล็อกอิน

รายการสื่อสารสนเทศ

ลำดับที่ ประเภท เลขเรียก/บาร์โค้ด สถานที่ สถานะ
- ไม่พบข้อมูล -

รายการใกล้เคียง
    ผู้แต่ง [สุพงษ์ เอกศิริพงษ์]

BibComment


ยังไม่เคยถูกคอมเมนท์

คอมเมนท์ทรัพยากรรายการนี้
  คอมเมนท์: ชีวเภสัชศาสตร์ B..


 Copyright 2026. Bcnsprnw @Library